Statistics for 日本47都道府县

Click here to take the quiz!

General Stats

  • This quiz has been taken 3 271 times
  • The average score is 24 of 47

Answers on the Map

Answers color-coded by a green-red scale on the quiz's map according to % correct below.
 

Answer Stats

都道府县% Correct
东京
97%
北海道
97%
大阪
91%
京都
88%
冲绳
77%
广岛
74%
长崎
73%
千叶
68%
福岛
67%
鹿儿岛
67%
青森
65%
熊本
64%
神奈川
60%
福冈
59%
爱知
58%
奈良
56%
岩手
51%
秋田
51%
静冈
49%
和歌山
49%
兵库
49%
埼玉
47%
群马
47%
新泻
47%
爱媛
46%
鸟取
44%
长野
43%
宫城
42%
茨城
41%
石川
40%
山形
39%
富山
39%
山梨
39%
德岛
38%
大分
38%
冈山
37%
三重
36%
山口
35%
佐贺
34%
枥木
33%
岐阜
33%
宫崎
32%
滋贺
31%
岛根
30%
香川
29%
高志
29%
福井
28%

Score Distribution

Percentile by Number Answered

Percent of People with Each Score

Your Score History

You have not taken this quiz